PAMINA : performance assessment methodologies in application to guide the development of the safety case radionuclide migration in the near field (clay rock): sensitivity analysis on “Kd” and “solubility limit” models / geochemical transport deliverable (D-N°:4.1.3)
Salvato in:
| Autore principale: | |
|---|---|
| Ente Autore: | |
| Altri autori: | , , , , , , , , , , |
| Natura: | Libro |
| Lingua: | inglese |
| Pubblicazione: |
Brussel
2009
|
| Soggetti: | |
| Tags: |
Nessun Tag, puoi essere il primo ad aggiungerne!!
|
MARC
| LEADER | 00000nlm$a2200000$$$4500 | ||
|---|---|---|---|
| 001 | 0119850 | ||
| 005 | 20240503085830.5 | ||
| 041 | 0 | |a eng | |
| 044 | |a BE | ||
| 245 | 1 | 0 | |a PAMINA : performance assessment methodologies in application to guide the development of the safety case |b radionuclide migration in the near field (clay rock): sensitivity analysis on “Kd” and “solubility limit” models / geochemical transport deliverable (D-N°:4.1.3) |c D. Coelho |
| 264 | 1 | |a Brussel |c 2009 | |
| 300 | |a CD-ROM | ||
| 610 | 2 | 0 | |a bezpečnosť energetická |
| 610 | 2 | 0 | |a bezpečnosť jadrová |
| 610 | 2 | 0 | |a modelovanie |
| 610 | 2 | 0 | |a odpad výrobný |
| 610 | 2 | 0 | |a rádioaktivita |
| 610 | 2 | 0 | |a geológia |
| 100 | 1 | |a Coelho, D. | |
| 700 | 1 | |a Cochepin, B. | |
| 700 | 1 | |a Munier, I. | |
| 700 | 1 | |a Piault, E. | |
| 700 | 1 | |a Trotignon, L. | |
| 700 | 1 | |a Marsal, F. | |
| 700 | 1 | |a Serres, C. | |
| 700 | 1 | |a Nilsson, Karl-Fredrik | |
| 700 | 1 | |a Prváková, Slávka | |
| 700 | 1 | |a Weetjens, E. | |
| 700 | 1 | |a Martens, E. | |
| 700 | 1 | |a Jacques, D. | |
| 710 | 2 | |a European Commission | |